Famous Henrys - Statistics

General Stats
  • This quiz has been taken 16 times
  • The average score is 2 of 7
Answer Stats
Hint Answer % Correct
6 wives Henry VIII
77%
US Secretary of State Henry Kissinger
69%
ii of france King henry
31%
geralt of rivia / superman Henry Cavill
15%
won the battle of bosworth Henry tudor
15%
composer Henry Winkler
8%
the 100 series Henry Ian Cusick
0%
No matching quizzes found
Score Distribution
Percent of People with Each Score
Percentile by Number Answered
Your Score History
You have not taken this quiz